[Event "6th Sinquefield Cup 2018"]
[Site "Saint Louis USA"]
[Date "2018.08.19"]
[Round "2.5"]
[White "So,W"]
[Black "Nakamura,Hi"]
[Result "1/2-1/2"]
[WhiteElo "2780"]
[BlackElo "2777"]

1.c4 Nf6 2.Nc3 e6 3.d4 Bb4 4.Qc2 O-O 5.a3 Bxc3+ 6.Qxc3 d5 7.Bg5 dxc4 8.Qxc4 b6
9.Rd1 Ba6 10.Qc2 Nbd7 11.e4 Bxf1 12.Kxf1 Qc8 13.Ne2 h6 14.Bxf6 Nxf6 15.f3 Qb7
16.Rc1 c5 17.dxc5 bxc5 18.Kf2 Rab8 19.Qxc5 Qxb2 20.Qxa7 Ra8 21.Qd4 Qxa3 22.Ra1 Qe7
23.Rxa8 Rxa8 24.Ra1 Rxa1 25.Qxa1 Qc5+ 26.Qd4 Qc7 27.h3 Nd7 28.Qc3 Qb6+ 29.Qd4 Qc7
30.Qc3 Qb6+ 31.Qd4 Qc7  1/2-1/2

[Event "6th Sinquefield Cup 2018"]
[Site "Saint Louis USA"]
[Date "2018.08.20"]
[Round "3.4"]
[White "Nakamura,Hi"]
[Black "Grischuk,A"]
[Result "0-1"]
[WhiteElo "2777"]
[BlackElo "2766"]

1.e4 e5 2.Nf3 Nc6 3.Bc4 Bc5 4.d3 Nf6 5.O-O O-O 6.c3 d5 7.exd5 Nxd5 8.Re1 Bg4
9.Nbd2 Nb6 10.Bb5 Bd6 11.h3 Bh5 12.Ne4 Re8 13.Bg5 f6 14.Be3 a6 15.Bxc6 bxc6
16.Ng3 Bf7 17.c4 Bb4 18.Re2 Bf8 19.b3 c5 20.Qe1 a5 21.Rd1 a4 22.Nd2 Qd7 23.Nb1 axb3
24.axb3 Bg6 25.f3 Rad8 26.Qf2 Qc6 27.Red2 Nd7 28.Nc3 h6 29.Kh1 Kh8 30.Nb5 Bh7
31.Ra2 f5 32.Bc1 Nf6 33.Nc3 Qb7 34.Rb2 g5 35.Rb1 Qc6 36.Bb2 Kg8 37.Nf1 Nh5
38.Nd5 Qd6 39.Ng3 c6 40.Nc3 Nf4 41.Qf1 Nxd3 42.Nce2 Qe6 43.Bc3 Rd6 44.Rd2 Red8
45.Rbd1 Bg6 46.Nc1 Nxc1 47.Rxd6 Bxd6 48.Rxc1 Rb8 49.Ra1 Rxb3 50.Ra8+ Rb8
51.Ra6 Bf8 52.Qe2 Bg7 53.Ra7 Re8 54.h4 gxh4 55.Nf1 f4 56.Nd2 Re7 57.Rxe7 Qxe7
58.Ne4 Bf7 59.Kh2 h3 60.gxh3 Qe6 61.Qg2 Kh7 62.Qc2 Kh8 63.Qb2 Kh7 64.Qc2 Qg6
65.Qe2 Be6 66.Qf1 Bf5 67.Qe2 Qh5 68.Nf2 Qh4 69.Ne4 Qxh3+ 70.Kg1 Qh5 71.Be1 Bxe4
72.Qxe4+ Qg6+ 73.Kh2 Qxe4 74.fxe4 Kg6 75.Kh3 Kh5 76.Bh4 f3 77.Bf2 Bf6 78.Be1 Bg5
79.Bf2 Be7 80.Be1 Bd8 81.Bg3 Kg5 82.Bxe5 Bf6 83.Bd6 f2 84.Kg2 Bd4 85.Kf1 Kg4
86.Ke2 h5 87.Kf1 h4 88.Bh2 h3 89.Ke2 Be3  0-1

[Event "6th Sinquefield Cup 2018"]
[Site "Saint Louis USA"]
[Date "2018.08.21"]
[Round "4.3"]
[White "Caruana,F"]
[Black "Nakamura,Hi"]
[Result "1-0"]
[WhiteElo "2822"]
[BlackElo "2777"]

1.d4 Nf6 2.c4 e6 3.Nf3 d5 4.Nc3 Be7 5.g3 dxc4 6.Bg2 O-O 7.Ne5 Nc6 8.Bxc6 bxc6
9.Nxc6 Qe8 10.Nxe7+ Qxe7 11.Qa4 c5 12.dxc5 Qxc5 13.Be3 Qc7 14.O-O-O Ng4 15.Rd2 Nxe3
16.fxe3 Rb8 17.Rhd1 a5 18.Kb1 h6 19.Ka1 Rb4 20.Qc2 Rb8 21.Qe4 Bb7 22.Qd4 Ba8
23.e4 Rfc8 24.Qf2 Bc6 25.Qc5 Be8 26.Qxc7 Rxc7 27.Rd6 Kf8 28.Ra6 Rc5 29.Ra7 Rbc8
30.Kb1 Rh5 31.h4 Re5 32.Kc2 g5 33.Rf1 Kg7 34.Rb7 Kg6 35.Kd2 f5 36.hxg5 fxe4
37.Ke3 Bc6 38.Re7 Rxg5 39.Rxe6+ Kg7 40.Re7+ Kg6 41.Rd1 Kf6 42.Ra7 Ke6 43.Rh1 h5
44.g4 Be8 45.gxh5 Bxh5 46.Nxe4 Rf5 47.Ra6+ Ke7 48.Nd6 Re5+ 49.Kd4  1-0

[Event "6th Sinquefield Cup 2018"]
[Site "Saint Louis USA"]
[Date "2018.08.22"]
[Round "5.3"]
[White "Nakamura,Hi"]
[Black "Mamedyarov,S"]
[Result "1/2-1/2"]
[WhiteElo "2777"]
[BlackElo "2801"]

1.d4 d5 2.c4 e6 3.Nf3 c5 4.cxd5 exd5 5.g3 Nc6 6.Bg2 Nf6 7.O-O Be7 8.Nc3 O-O
9.h3 Ne4 10.dxc5 Bxc5 11.Bf4 Nxc3 12.bxc3 Bf5 13.Nd2 Re8 14.g4 Bg6 15.e3 Bb6
16.Qb3 Re7 17.Rfd1 Rd7 18.a4 Rc8 19.Rac1 h6 20.Qa2 Bc7 21.Nb3 b6 22.Qd2 f5
23.c4 Bxf4 24.exf4 d4 25.Bd5+ Bf7 26.Qe2 fxg4 27.hxg4 Qf6 28.Qf3 Rdd8 29.Nd2 Rf8
30.Ne4 Qe7 31.Ng3 Qf6 32.Ne4 Qe7 33.Ng3 Qf6 34.Nf5 Kh8 35.Bxf7 Rxf7 36.c5 Rcc7
37.cxb6 axb6 38.Re1 Rf8 39.Qe4 g6 40.Nxd4 Qxd4 41.Qxd4+ Nxd4 42.Rxc7 Nf3+
43.Kf1 Nxe1 44.Kxe1 Rxf4 45.Rc6 Kg7 46.Rxb6 Rxa4 47.f3 g5 48.Rb7+ Kg6 49.Rb6+ Kg7
50.Rb7+ Kg6 51.Rb6+ Kg7 52.Rb7+  1/2-1/2

[Event "6th Sinquefield Cup 2018"]
[Site "Saint Louis USA"]
[Date "2018.08.24"]
[Round "6.4"]
[White "Nakamura,Hi"]
[Black "Aronian,L"]
[Result "1/2-1/2"]
[WhiteElo "2777"]
[BlackElo "2767"]

1.c4 Nf6 2.Nc3 e5 3.Nf3 Nc6 4.g3 d5 5.cxd5 Nxd5 6.Bg2 Bc5 7.O-O O-O 8.Nxd5 Qxd5
9.d3 Qd8 10.Be3 Bxe3 11.fxe3 e4 12.dxe4 Qe7 13.Qc2 Bg4 14.Rac1 Rad8 15.h3 Bc8
16.a3 Rde8 17.e5 h6 18.Qc5 Qxc5 19.Rxc5 Ne7 20.Rxc7 Nd5 21.Rc5 Nxe3 22.Rfc1 Rd8
23.R1c3 Nxg2 24.Kxg2 Bf5 25.Rc7 Be4 26.Kf2 Rfe8 27.R3c4 Bxf3 28.Kxf3 Rxe5
29.Rxb7 Rd2 30.e3 g5 31.Rd4 Rc2 32.Rdd7 Rf5+ 33.Ke4 Rf6 34.Rb8+ Kg7 35.Rxa7 Re6+
36.Kf3 Rf6+ 37.Ke4 Re6+ 38.Kd3 Rg2 39.g4 Rg3 40.Rbb7 Rexe3+ 41.Kc2 Ref3 42.a4 Rxh3
43.a5 Rh4 44.a6 Rxg4 45.Ra8 Ra4 46.a7 g4 47.Rc8 g3 48.a8=Q Rxa8 49.Rxa8 h5
50.Rbb8 Kf6 51.Rg8 h4 52.Ra6+ Ke7 53.Rh6 Rf2+ 54.Kd3 Rh2 55.Ke4 g2 56.Ke5 h3
57.Rc6 f6+ 58.Kd5 Kf7 59.Rg3 Rh1 60.Rc7+ Kf8 61.Rc8+ Kf7 62.Rc7+ Kf8 63.Ke6 Re1+
64.Kxf6 Rf1+ 65.Ke6 Re1+ 66.Kf6 Rf1+ 67.Ke6 Re1+ 68.Kf6  1/2-1/2

[Event "6th Sinquefield Cup 2018"]
[Site "Saint Louis USA"]
[Date "2018.08.25"]
[Round "7.5"]
[White "Vachier Lagrave,M"]
[Black "Nakamura,Hi"]
[Result "1/2-1/2"]
[WhiteElo "2779"]
[BlackElo "2777"]

1.e4 e5 2.Nf3 Nc6 3.Bc4 Bc5 4.c3 Nf6 5.d3 O-O 6.O-O d5 7.exd5 Nxd5 8.a4 Bf5
9.Nbd2 Nb6 10.Bb5 Bxd3 11.Re1 e4 12.Nxe4 Bxe4 13.Qxd8 Rfxd8 14.Rxe4 Rd1+
15.Re1 Rxe1+ 16.Nxe1 a6 17.Be2 Nd5 18.Nd3 Ba7 19.a5 Re8 20.Kf1 Ne5 21.Nxe5 Rxe5
22.Ra3 Nf6 23.Bf3 c6 24.Rb3 Re7 25.Rb4 h6 26.h4 Kf8 27.g4 Nd5 28.Ra4 Bb8
29.g5 hxg5 30.Bxg5 f6 31.Bd2 Rd7 32.h5 f5 33.Rh4 Kg8 34.c4 Nf6 35.Bc3 Kh7
36.Bxf6 gxf6 37.h6 Be5 38.Bg2 Kg6 39.h7 Rxh7 40.Rxh7 Kxh7 41.b4 Bc3 42.b5 axb5
43.cxb5 cxb5 44.Bxb7 Bxa5 45.Ke2 b4 46.Kd3 b3 47.Bd5 b2 48.Kc2 Bc3 49.f3 Be5
50.Kb1 f4 51.Ba8 Kh8 52.Bd5 Kg7 53.Ba8 Kh8 54.Bd5 Kg7 55.Ba8  1/2-1/2

[Event "6th Sinquefield Cup 2018"]
[Site "Saint Louis USA"]
[Date "2018.08.26"]
[Round "8.5"]
[White "Nakamura,Hi"]
[Black "Karjakin,Sergey"]
[Result "1/2-1/2"]
[WhiteElo "2777"]
[BlackElo "2773"]

1.d4 Nf6 2.c4 e6 3.Nf3 d5 4.g3 Bb4+ 5.Bd2 Be7 6.Bg2 O-O 7.O-O Nbd7 8.Nc3 c6
9.Bf4 dxc4 10.e4 Re8 11.a4 b6 12.d5 exd5 13.exd5 Bb7 14.a5 bxa5 15.d6 Bf8
16.Nd2 Nd5 17.Nxd5 cxd5 18.Nxc4 dxc4 19.Bxb7 Rb8 20.Bd5 Ne5 21.d7 Qxd7 22.Rxa5 Rbd8
23.Bxe5 Bb4 24.Ra4 a5 25.Bc3 Bxc3 26.bxc3 Qxd5 27.Qxd5 Rxd5 28.Rxc4 Ra8 29.Ra1 Kf8
30.Raa4 Ra7 31.Rc8+ Ke7 32.c4 Re5 33.h4 Kd6 34.Kg2 h5 35.Rd8+ Ke7 36.Rc8 g6
37.Rb8 Kd6 38.Rb6+ Kc5 39.Rb5+ Kd6 40.Rb6+ Kc5 41.Rb5+ Kd6 42.Rb6+  1/2-1/2

[Event "PRO League All Stars St1"]
[Site "chess.com INT"]
[Date "2018.09.08"]
[Round "1"]
[White "Lenderman,A"]
[Black "Nakamura,Hi"]
[Result "1/2-1/2"]
[WhiteElo "2630"]
[BlackElo "2763"]

1.d4 d6 2.Nf3 g6 3.c4 Bg7 4.Nc3 e5 5.e4 Nc6 6.Be3 Nf6 7.dxe5 Nxe5 8.Nxe5 dxe5
9.Qxd8+ Kxd8 10.O-O-O+ Bd7 11.f3 h5 12.c5 Bh6 13.Bxh6 Rxh6 14.h4 c6 15.Bc4 Ke7
16.Rd6 Rf8 17.Rhd1 Bc8 18.b4 Nd7 19.b5 Nb8 20.a4 Rhh8 21.a5 a6 22.bxc6 bxc6
23.Na4 Rhg8 24.Nb6 g5 25.hxg5 Rxg5 26.R1d2 Rh8 27.Nxc8+ Rxc8 28.Rh6 Rf8 29.Kc2 Rg6
30.Rxh5 Nd7 31.Kc3 Rf6 32.Rb2 Nxc5 33.Rxe5+ Kd6 34.Kd4 Na4 35.Rd2 c5+ 36.Ke3+ Kxe5
37.f4+ Rxf4 38.Rd5+ Kf6 39.Kxf4 Rb8 40.Rf5+ Kg6 41.Bxf7+ Kg7 42.Bd5 Nc3 43.Bc4 Re8
44.Rxc5 Rxe4+ 45.Kg5 Re7 46.Rc6 Re5+ 47.Kf4 Rxa5 48.Rxa6  1/2-1/2

[Event "PRO League All Stars St1"]
[Site "chess.com INT"]
[Date "2018.09.08"]
[Round "2"]
[White "Nakamura,Hi"]
[Black "Lenic,L"]
[Result "1-0"]
[WhiteElo "2763"]
[BlackElo "2656"]

1.Nf3 c5 2.e4 Nc6 3.c3 Nf6 4.Bd3 d5 5.e5 Nd7 6.Bb5 Qb6 7.Ba4 e6 8.d4 Be7
9.O-O O-O 10.Re1 Qc7 11.Nbd2 Rb8 12.Bc2 b5 13.Nf1 b4 14.Bg5 Qd8 15.h4 Ba6
16.Ng3 bxc3 17.bxc3 cxd4 18.cxd4 Nb6 19.Nh5 Nb4 20.Bb1 Nc4 21.Bxe7 Qxe7 22.Ng5 h6
23.Nh7 Qxh4 24.g3 Nb2 25.gxh4 Nxd1 26.Nxf8 Kxf8 27.Rxd1 Be2 28.Rd2 Bxh5 29.Rb2 Rb6
30.Bc2 Nc6 31.Rxb6 axb6 32.Rb1 Nxd4 33.Ba4 Ne2+ 34.Kg2 Nc3 35.Rb4 Nxa4 36.Rxa4 Be2
37.Ra8+ Ke7 38.Ra7+ Kf8 39.f4 b5 40.Kf2 Bc4 41.a3 d4 42.h5 d3 43.Ke3 Kg8
44.Ra8+ Kh7 45.Rf8 g5 46.Rxf7+ Kg8 47.Rf6 gxf4+ 48.Rxf4 Kg7 49.Rf6 Kh7 50.Rf4 Kg7
51.a4  1-0

[Event "PRO League All Stars St1"]
[Site "chess.com INT"]
[Date "2018.09.08"]
[Round "3"]
[White "Andriasian,Z"]
[Black "Nakamura,Hi"]
[Result "0-1"]
[WhiteElo "2603"]
[BlackElo "2763"]

1.e4 e5 2.Nf3 Nc6 3.Bc4 Bc5 4.d3 Nf6 5.O-O d6 6.Nbd2 a6 7.c3 O-O 8.Bb3 Ba7
9.h3 h6 10.Re1 Be6 11.Nf1 Re8 12.N3h2 Qd7 13.Qf3 Kh7 14.Ng3 d5 15.Bc2 d4
16.Nf5 Bxf5 17.exf5 e4 18.dxe4 Ne5 19.Qd1 d3 20.Bb3 d2 21.Qxd2 Nd3 22.Re2 Nxe4
23.Rxe4 Rxe4 24.Ng4 Re1+ 25.Kh2 Qd6+ 26.g3 Rae8 27.Bc2 Qd5 28.Qxh6+ Kg8 29.Nf6+ gxf6  0-1

[Event "PRO League All Stars St1"]
[Site "chess.com INT"]
[Date "2018.09.08"]
[Round "4"]
[White "Nakamura,Hi"]
[Black "Shimanov,A"]
[Result "1-0"]
[WhiteElo "2763"]
[BlackElo "2626"]

1.Nf3 d5 2.b3 Bg4 3.Bb2 Nd7 4.g3 Bxf3 5.exf3 e6 6.Bg2 Ngf6 7.O-O Bd6 8.f4 O-O
9.d3 c6 10.Nd2 a5 11.a3 Re8 12.c4 e5 13.fxe5 Bxe5 14.d4 Bc7 15.Qc2 Nf8 16.Nf3 Ne6
17.c5 Ne4 18.Rad1 N6g5 19.Ne5 f6 20.Nd3 Nf7 21.Rfe1 Qd7 22.f3 Neg5 23.Nf2 f5
24.Nd3 Rxe1+ 25.Rxe1 Re8 26.Qd2 Rxe1+ 27.Qxe1 Ne6 28.Bc3 g6 29.f4 Qe7 30.b4 axb4
31.axb4 Qf6 32.b5 Qe7 33.Nb4 Qd7 34.Qa1 g5 35.Qa8+ Nfd8 36.b6 Bxf4 37.gxf4 Nxf4
38.Bd2 Qe7 39.Bxf4 gxf4 40.Nd3 Qe3+ 41.Nf2 Qe7 42.Qb8 Qg5 43.Nh3 Qh4 44.Qxf4 Qe1+
45.Bf1 Ne6 46.Qb8+ Kg7 47.Qxb7+ Kf6 48.Qxc6 Qe3+ 49.Nf2 Kg5 50.Qxd5 Nxd4
51.Qg2+ Kf6 52.b7 Qe5 53.Qg3 f4 54.Ng4+  1-0

[Event "PRO League All Stars St1"]
[Site "chess.com INT"]
[Date "2018.09.08"]
[Round "5"]
[White "Meier,Geo"]
[Black "Nakamura,Hi"]
[Result "1-0"]
[WhiteElo "2639"]
[BlackElo "2763"]

1.Nf3 Nf6 2.g3 d5 3.Bg2 e6 4.O-O Be7 5.c4 O-O 6.d4 dxc4 7.Qc2 b5 8.a4 b4
9.Nfd2 c6 10.Nxc4 Qxd4 11.Rd1 Qc5 12.b3 Ba6 13.Nbd2 Nbd7 14.Bb2 Rfd8 15.Rac1 Rac8
16.Bf3 Qg5 17.h4 Qg6 18.Qxg6 hxg6 19.Na5 Nb8 20.Ndc4 Nd5 21.Be5 Nd7 22.Bb2 g5
23.hxg5 Bxg5 24.e3 Bf6 25.Bxf6 N7xf6 26.e4 Nc3 27.Rxd8+ Rxd8 28.Nxc6 Bxc4
29.Nxd8 Bxb3 30.Nc6 Na2 31.Rb1 Bxa4 32.Nxb4 Nc3 33.Ra1 a5 34.Nd3 Bc2 35.Nc5 Ncxe4
36.Bxe4 Nxe4 37.Rxa5 Nxc5 38.Rxc5 Be4 39.Kf1 g6 40.Ke2 Bd5 41.Ke3 Kg7 42.f4 Kf6
43.Rc7 Ba2 44.g4 e5 45.g5+ Ke6 46.Rc6+ Kd5 47.Rf6 exf4+ 48.Kxf4 Kd4 49.Rd6+ Bd5
50.Rd7 Kc5 51.Ke5 Kc6 52.Rd6+  1-0

[Event "PRO League All Stars St1"]
[Site "chess.com INT"]
[Date "2018.09.08"]
[Round "6"]
[White "Nakamura,Hi"]
[Black "Gupta,Ab"]
[Result "0-1"]
[WhiteElo "2763"]
[BlackElo "2588"]

1.Nf3 Nf6 2.b3 g6 3.Bb2 Bg7 4.c4 O-O 5.g3 d6 6.d4 e5 7.dxe5 dxe5 8.Qxd8 Rxd8
9.Bxe5 Nc6 10.Bc3 Ne4 11.Bxg7 Kxg7 12.Bg2 Nb4 13.Na3 Nc3 14.O-O c6 15.e3 a5
16.Nd4 a4 17.Nb1 Ncxa2 18.bxa4 Rxa4 19.Bf3 c5 20.Nb3 b6 21.N1d2 Be6 22.Rfb1 Nc2
23.Bc6 Ra3 24.h4 h5 25.Be4 Nxa1 26.Rxa1 b5 27.cxb5 Rxb3 28.Rxa2 Rb4 29.Rc2 Rxd2
30.Rxd2 Rxe4 31.Rc2 Rc4  0-1

[Event "PRO League All Stars St1"]
[Site "chess.com INT"]
[Date "2018.09.08"]
[Round "7"]
[White "Melkumyan,H"]
[Black "Nakamura,Hi"]
[Result "0-1"]
[WhiteElo "2660"]
[BlackElo "2763"]

1.d4 Nf6 2.c4 e6 3.Nf3 d5 4.Nc3 Be7 5.Bf4 O-O 6.e3 c5 7.dxc5 Bxc5 8.Bd3 dxc4
9.Bxc4 Qxd1+ 10.Rxd1 Bb4 11.O-O Bxc3 12.bxc3 b6 13.Nd4 Ba6 14.Nb5 Rc8 15.Bd3 Nd5
16.Bg3 Bxb5 17.Bxb5 Nxc3 18.Rc1 Rc5 19.Bd3 Nd7 20.Bd6 Rd5 21.Rxc3 Rxd6 22.Be4 Rd8
23.Rc7 Nc5 24.Bc6 g5 25.g3 h6 26.Kg2 Kg7 27.Rh1 a6 28.h4 g4 29.h5 Rd2 30.Rh4 Nd3
31.Rxg4+ Kf6 32.Be4 Rxf2+ 33.Kg1 Rxa2 34.Rc3 Ne5 35.Rf4+ Kg7 36.Rc1 f5 37.Bg2 Rdd2
38.Bh3 Nd3  0-1

[Event "PRO League All Stars St1"]
[Site "chess.com INT"]
[Date "2018.09.08"]
[Round "8"]
[White "Nakamura,Hi"]
[Black "Jones,G"]
[Result "1-0"]
[WhiteElo "2763"]
[BlackElo "2677"]

1.Nf3 Nf6 2.b3 d6 3.Bb2 e5 4.e3 Nbd7 5.c4 g6 6.d4 Bg7 7.dxe5 Ng4 8.Be2 Ngxe5
9.Nxe5 Nxe5 10.Qd2 O-O 11.O-O Re8 12.Nc3 Nd7 13.h3 Nc5 14.Rad1 Bf5 15.Nd5 Ne4
16.Qc1 Nf6 17.Qa1 Re6 18.c5 Be4 19.Nf4 Re8 20.Bc4 Qe7 21.cxd6 cxd6 22.Nd5 Nxd5
23.Bxd5 Bxb2 24.Qxb2 Bxd5 25.Rxd5 Rac8 26.Rfd1 Rc6 27.b4 Rec8 28.Qd4 a6 29.a3 h5
30.Rxd6 Rxd6 31.Qxd6 Qxd6 32.Rxd6 Rc1+ 33.Kh2 Ra1 34.Rd3 h4 35.g3 Ra2 36.Kg2 hxg3
37.Kxg3 Kg7 38.e4 b6 39.h4 a5 40.bxa5 bxa5 41.f3 a4 42.Kf4 Kh6 43.Ke5 Rb2
44.Rd7 Kg7 45.Rd3 Kh6 46.f4 Kh5 47.Kf6 Rf2 48.f5 gxf5 49.exf5 Rf4 50.Rd5 Rf3
51.Kxf7 Rxa3 52.f6+ Kxh4 53.Rd4+ Kg5 54.Kg7 Rf3 55.f7 a3 56.f8=Q Rxf8 57.Kxf8  1-0

[Event "PRO League All Stars St1"]
[Site "chess.com INT"]
[Date "2018.09.08"]
[Round "9"]
[White "Nakamura,Hi"]
[Black "Iturrizaga,E"]
[Result "1/2-1/2"]
[WhiteElo "2763"]
[BlackElo "2636"]

1.Nf3 c5 2.e4 g6 3.c3 Nf6 4.Bd3 Bg7 5.Bc2 O-O 6.O-O Nc6 7.Re1 d6 8.d3 b5
9.a3 Rb8 10.h3 a5 11.d4 cxd4 12.cxd4 Nd7 13.Be3 Nb6 14.Nbd2 e6 15.Bd3 b4
16.a4 Bd7 17.b3 Rc8 18.Ba6 Ra8 19.Bb5 Ne7 20.Qe2 Rc8 21.Rac1 Rxc1 22.Rxc1 Qb8
23.Bxd7 Nxd7 24.Qa6 d5 25.Bg5 Bf6 26.Bxf6 Nxf6 27.e5 Ne4 28.Nxe4 dxe4 29.Ng5 Qd8
30.Nxe4 Qxd4 31.Nf6+ Kg7 32.Qxa5 Qb2 33.Rd1 Qxb3 34.Rd7 Qc3 35.Rxe7  1/2-1/2

[Event "PRO League All Stars St1"]
[Site "chess.com INT"]
[Date "2018.09.08"]
[Round "10"]
[White "Le Quang Liem"]
[Black "Nakamura,Hi"]
[Result "1/2-1/2"]
[WhiteElo "2715"]
[BlackElo "2763"]

1.Nf3 Nf6 2.c4 e6 3.Nc3 d5 4.d4 Be7 5.Bg5 h6 6.Bh4 O-O 7.e3 Ne4 8.Bxe7 Qxe7
9.Rc1 c6 10.Bd3 Nxc3 11.Rxc3 dxc4 12.Bxc4 Nd7 13.O-O b6 14.Qe2 Bb7 15.Ba6 Bxa6
16.Qxa6 c5 17.Rfc1 Rfd8 18.h3 e5 19.Qb7 Rdb8 20.Qe4 Re8 21.Rd1 exd4 22.Qxe7 Rxe7
23.exd4 Re2 24.Rd2 Rxd2 25.Nxd2 Rd8 26.Nb3 cxd4 27.Rd3 Re8  1/2-1/2

[Event "PRO League All Stars St1"]
[Site "chess.com INT"]
[Date "2018.09.08"]
[Round "11"]
[White "Nakamura,Hi"]
[Black "Vidit,S"]
[Result "1-0"]
[WhiteElo "2763"]
[BlackElo "2711"]

1.Nf3 d5 2.b3 Bg4 3.Bb2 Bxf3 4.exf3 e6 5.g3 Nf6 6.Bg2 Be7 7.O-O O-O 8.d3 c6
9.Nd2 Nbd7 10.f4 a5 11.a3 Ne8 12.Nf3 Rc8 13.c4 Nd6 14.Qc2 b5 15.c5 Nf5 16.b4 Ra8
17.Rfe1 Qc7 18.d4 axb4 19.axb4 Rxa1 20.Rxa1 Qb7 21.Bf1 Ra8 22.Rd1 g6 23.Bd3 Ra4
24.Bc3 Qa8 25.Rb1 Ra2 26.Qc1 Nf6 27.Ra1 Ne4 28.Rxa2 Qxa2 29.Qb2 Nxc3 30.Qxc3 Bf6
31.Bxf5 gxf5 32.h3 h5 33.Kg2 Qe2 34.h4 Qe4 35.Qd2 Kg7 36.Qc3 Kg6 37.Qe3 Kg7
38.Qd2 Kg6 39.Qd1 Kg7 40.Kh2 Kg6 41.Kg1 Kg7 42.Kg2 Kg6 43.Qa1 Kg7 44.Qc3 Kg6
45.Qb2 Kg7 46.Qa1 Kg6 47.Qa8 Bxd4 48.Qxc6 Bc3 49.Qxb5 Bxb4 50.Qb6 Kg7 51.c6 Qc4
52.Qd4+ Qxd4 53.Nxd4 Bd6 54.Nb5 Bb8 55.c7 Bxc7 56.Nxc7 Kf6 57.Kf3 Ke7 58.Ke3 f6
59.Kd3 Kd7 60.Nb5 e5 61.fxe5 fxe5 62.f4 Ke6 63.fxe5 Kxe5 64.Ke3 Ke6 65.Kf4 Kf6
66.Nd4  1-0

[Event "PRO League All Stars St1"]
[Site "chess.com INT"]
[Date "2018.09.08"]
[Round "12"]
[White "Vachier Lagrave,M"]
[Black "Nakamura,Hi"]
[Result "1/2-1/2"]
[WhiteElo "2780"]
[BlackElo "2763"]

1.e4 e5 2.Nf3 Nc6 3.Bb5 Nf6 4.O-O Nxe4 5.Re1 Nd6 6.Nxe5 Be7 7.Bf1 Nf5 8.Nf3 O-O
9.d4 d5 10.c3 Re8 11.Bd3 Bd6 12.Nbd2 Bd7 13.Nf1 Rxe1 14.Qxe1 Qe7 15.Qxe7 Nfxe7
16.Bd2 Bf5 17.Bb5 a6 18.Ba4 Na5 19.Ne3 Be6 20.Re1 h6 21.Bc2 Nc4 22.Bc1 Nxe3
23.Bxe3 Bf5 24.Bxf5 Nxf5 25.Bd2 Kf8 26.Kf1 Re8 27.Rxe8+ Kxe8 28.Ke2 Ne7  1/2-1/2

[Event "43rd Olympiad 2018"]
[Site "Batumi GEO"]
[Date "2018.09.24"]
[Round "1.1"]
[White "Baules,J"]
[Black "Nakamura,Hi"]
[Result "0-1"]
[WhiteElo "2358"]
[BlackElo "2763"]

1.d4 Nf6 2.c4 e6 3.Nc3 Bb4 4.Qc2 b6 5.e4 c5 6.e5 cxd4 7.a3 Bxc3+ 8.bxc3 Ng8
9.cxd4 Bb7 10.Nf3 Bxf3 11.gxf3 Nc6 12.Bb2 Nge7 13.Rg1 Rc8 14.Qe4 Nf5 15.Bh3 Nce7
16.d5 b5 17.dxe6 Qa5+ 18.Kf1 dxe6 19.Qb7 O-O 20.Rd1 bxc4 21.Bc1 Qxe5 22.Rd7 Rcd8
23.Rxe7 Rd1+ 24.Kg2 Nh4+ 25.Kh1 Qe1  0-1

[Event "43rd Olympiad 2018"]
[Site "Batumi GEO"]
[Date "2018.09.26"]
[Round "3.3"]
[White "Van Wely,L"]
[Black "Nakamura,Hi"]
[Result "1/2-1/2"]
[WhiteElo "2642"]
[BlackElo "2763"]

1.d4 d5 2.c4 dxc4 3.Nf3 Nf6 4.e3 e6 5.Bxc4 c5 6.O-O a6 7.dxc5 Qxd1 8.Rxd1 Bxc5
9.Be2 O-O 10.Ne5 Nbd7 11.Nc4 Nd5 12.Nc3 Nxc3 13.bxc3 b5 14.Na5 Nb6 15.c4 bxc4
16.Nxc4 Nxc4 17.Bxc4 Bb7 18.Bb2 Rfc8 19.Rac1 Bf8 20.Bb3 Rxc1 21.Rxc1 Rc8
22.Rxc8 Bxc8 23.Bc3 Bd6 24.Bc4 Bb7 25.a4 Bc7 26.a5 Kf8 27.f4 h5 28.g3 g6
29.e4 h4 30.Kf2 hxg3+ 31.hxg3 Ke7 32.e5 Kd7 33.Be2 Bd8 34.Ke3 Be7 35.Kd4 Kc7
36.g4 Bh4 37.Ke3 Be7 38.Kd4 Bh4 39.Ke3 Be7 40.Bc4 Bc5+ 41.Ke2 Bc8 42.Bd2 Kb7
43.Kf3 Bd7 44.f5 gxf5 45.gxf5 Bd4 46.Kf4 Bb2 47.Bb3 Kc6 48.f6 Kb7 49.Bd1 Be8
50.Bf3+ Kc8 51.Be2 Bb5 52.Bh5 Be8 53.Be1 Kc7 54.Bd1 Kd8 55.Bh5 Kc7 56.Bb4 Kc8
57.Bc5 Bc3 58.Bb6 Bd2+ 59.Ke4 Bc3 60.Kf4 Bd2+ 61.Ke4 Bc3 62.Kf4  1/2-1/2

[Event "43rd Olympiad 2018"]
[Site "Batumi GEO"]
[Date "2018.09.27"]
[Round "4.3"]
[White "Nakamura,Hi"]
[Black "Vidit,S"]
[Result "1/2-1/2"]
[WhiteElo "2763"]
[BlackElo "2711"]

1.d4 Nf6 2.c4 e6 3.Nf3 d5 4.Nc3 Bb4 5.Bg5 h6 6.Bxf6 Qxf6 7.Qa4+ Nc6 8.e3 O-O
9.Be2 dxc4 10.O-O Bd7 11.Bxc4 Bxc3 12.bxc3 Rfd8 13.Be2 Be8 14.Qa3 Qe7 15.Qb2 b6
16.e4 Na5 17.c4 c5 18.d5 exd5 19.exd5 b5 20.Rfe1 bxc4 21.Qc3 Qc7 22.Rad1 Nb7
23.Bxc4 Qa5 24.Rc1 Qxc3 25.Rxc3 Na5 26.Bd3 c4 27.Be4 Rac8 28.Nd4 Kf8 29.Rf3 Rd6
30.Ra3 Rc5 31.Ne2 Rb6 32.Nc3 a6 33.Bc2 Nb7 34.Ba4 Rc8 35.Bxe8  1/2-1/2

[Event "43rd Olympiad 2018"]
[Site "Batumi GEO"]
[Date "2018.09.28"]
[Round "5.4"]
[White "Nakamura,Hi"]
[Black "Nabaty,T"]
[Result "1/2-1/2"]
[WhiteElo "2763"]
[BlackElo "2692"]

1.c4 e6 2.g3 d5 3.Bg2 dxc4 4.Qa4+ Qd7 5.Qxc4 c5 6.Qc2 Nc6 7.Nf3 Nf6 8.O-O Be7
9.d3 O-O 10.Be3 Qc7 11.Nc3 Bd7 12.Rac1 Rac8 13.Rfd1 e5 14.Bg5 Be6 15.Qa4 Qb6
16.Nd2 Qxb2 17.Bxf6 Bxf6 18.Nde4 Nd4 19.e3 b5 20.Qa6 b4 21.Rb1 Qc2 22.exd4 bxc3
23.d5 Bf5 24.Nxf6+ gxf6 25.Qxf6 Bxd3 26.Rbc1 Qb2 27.Qxe5 Bc2 28.Qg5+ Bg6
29.Qf6 Bc2 30.Qg5+ Bg6 31.Qf6 Bc2 32.Re1 Rce8 33.Bf1 Rxe1 34.Rxe1 Bg6 35.Re3 Qxa2
36.Qxc3 Qxd5 37.Re5  1/2-1/2

[Event "43rd Olympiad 2018"]
[Site "Batumi GEO"]
[Date "2018.09.30"]
[Round "6.4"]
[White "Marjanovic,Dej"]
[Black "Nakamura,Hi"]
[Result "1/2-1/2"]
[WhiteElo "2382"]
[BlackElo "2763"]

1.d4 f5 2.g3 Nf6 3.Bg2 g6 4.Nf3 Bg7 5.O-O O-O 6.Nbd2 Nc6 7.Re1 d5 8.c4 e6
9.b3 Ne4 10.Bb2 b6 11.a3 Bb7 12.e3 g5 13.Nxe4 dxe4 14.Nd2 g4 15.b4 Qd7 16.b5 Nd8
17.a4 a6 18.Bf1 Nf7 19.bxa6 Bxa6 20.a5 Rfb8 21.axb6 Rxb6 22.Bc3 Rbb8 23.Qa4 Qd8
24.Reb1 Bb7 25.Qc2 Rxa1 26.Rxa1 Ng5 27.Rb1 Bc6 28.Rxb8 Qxb8 29.Qa2 h5 30.Qa6 Qb7
31.Qxb7 Bxb7 32.Ba5 c5 33.Bb6 cxd4 34.Bxd4 Bxd4 35.exd4 Kf7 36.c5 Bd5 37.h4 gxh3
38.Kh2 Kf6 39.Bb5 e5 40.dxe5+ Kxe5 41.Be8 h4 42.gxh4 Ne6 43.Kxh3 f4 44.Bb5 e3
45.fxe3 fxe3 46.Nf1 Bc6 47.Bc4 e2 48.Bxe2 Nf4+ 49.Kg4 Nxe2 50.h5 Kf6 51.Nd2 Nd4
52.h6 Bd7+ 53.Kf4 Ne6+ 54.Ke3 Bc6 55.Nf3 Nxc5 56.h7 Kg7 57.Ng5 Nd7 58.Kf4 Nf8
59.Ke5 Ng6+ 60.Kd6 Ba4 61.Kc5 Bb3 62.Kb4 Ba2 63.Kc3 Nh8 64.Kd4 Kg6 65.Ne4 Kxh7
66.Ke5 Kg6 67.Nc3 Bb3 68.Kd4 Kf5 69.Nd5 Ng6 70.Ne3+ Ke6 71.Nc4 Ne7 72.Ne3 Nc6+
73.Kc5 Kd7 74.Nd5 Bxd5 75.Kxd5  1/2-1/2

[Event "43rd Olympiad 2018"]
[Site "Batumi GEO"]
[Date "2018.10.01"]
[Round "7.2"]
[White "Stevic,H"]
[Black "Nakamura,Hi"]
[Result "1/2-1/2"]
[WhiteElo "2579"]
[BlackElo "2763"]

1.e4 c6 2.d4 d5 3.Nc3 dxe4 4.Nxe4 Bf5 5.Ng3 Bg6 6.Nf3 e6 7.Bd3 Qa5+ 8.Bd2 Bb4
9.Bxg6 Bxd2+ 10.Qxd2 Qxd2+ 11.Kxd2 hxg6 12.Ne4 Ke7 13.Ne5 Nd7 14.Nd6 Nxe5
15.dxe5 b6 16.h3 g5 17.Rad1 Nh6 18.Ke2 f6 19.Rd3 g4 20.hxg4 Nxg4 21.Rxh8 Rxh8
22.exf6+ Nxf6 23.Nc4 Rh4 24.Ne5 Re4+ 25.Re3 Ra4 26.Nxc6+ Kd6 27.b3 Rxa2 28.Nb4 Ra5
29.Rg3 Re5+ 30.Kd1 g5 31.Nd3 Rf5 32.Rh3 g4 33.Rh8 e5 34.Ke2 e4 35.Nb2 Nd5
36.Nc4+ Kc5 37.Rc8+ Kb4 38.Ne3 Nxe3 39.Kxe3 b5 40.Re8 Kc3 41.Rc8+ Kb4 42.Re8 Kc3
43.Rxe4 Kxc2 44.b4 Rg5 45.f4 gxf3 46.Kxf3 Kc3 47.g4 a5 48.bxa5 b4 49.a6 Ra5
50.Re6 b3 51.Rc6+ Kd2 52.Rb6 Kc2 53.Rc6+ Kd2 54.Rb6  1/2-1/2

[Event "43rd Olympiad 2018"]
[Site "Batumi GEO"]
[Date "2018.10.02"]
[Round "8.1"]
[White "Nakamura,Hi"]
[Black "Naiditsch,A"]
[Result "1/2-1/2"]
[WhiteElo "2763"]
[BlackElo "2721"]

1.c4 e5 2.Nc3 Nf6 3.Nf3 Nc6 4.g3 Bb4 5.Bg2 O-O 6.O-O e4 7.Ng5 Bxc3 8.bxc3 Re8
9.f3 e3 10.d3 d5 11.Qb3 Na5 12.Qa4 c6 13.cxd5 cxd5 14.f4 Bg4 15.Nf3 Nc6 16.h3 Bd7
17.Qa3 Nh5 18.Kh2 Qf6 19.Nd4 Nxd4 20.cxd4 g5 21.fxg5 Qxg5 22.Qd6 Bc6 23.h4 Qg7
24.Bh3 f5 25.Rf3 Rad8 26.Qb4 f4 27.gxf4 Qc7 28.Ba3 Nxf4 29.Qe1 Nxh3+ 30.Qg3+ Qxg3+
31.Rxg3+ Kh8 32.Kxh3 Re6 33.Rf1 Rg8 34.h5 h6 35.Rxg8+ Kxg8 36.Kh4 Ba4 37.Bc1  1/2-1/2

[Event "43rd Olympiad 2018"]
[Site "Batumi GEO"]
[Date "2018.10.05"]
[Round "11.1"]
[White "Nakamura,Hi"]
[Black "Bu Xiangzhi"]
[Result "1/2-1/2"]
[WhiteElo "2763"]
[BlackElo "2712"]

1.c4 c6 2.d4 d5 3.Nf3 Nf6 4.Nc3 dxc4 5.a4 Bf5 6.Ne5 Nbd7 7.Nxc4 Nb6 8.Ne5 a5
9.h4 e6 10.f3 h6 11.e4 Bh7 12.Be3 Nfd7 13.Nd3 Bd6 14.Ne2 O-O 15.Qb3 Kh8 16.Nef4 Nc8
17.Rd1 Qc7 18.Kf2 b6 19.e5 Be7 20.g4 c5 21.Qc3 Qb7 22.dxc5 bxc5 23.Nxc5 Nxc5
24.Bxc5 Bxc5+ 25.Qxc5 Qxb2+ 26.Kg3 Qb4 27.Qxb4 axb4 28.Rd4 Rxa4 29.Bb5 Ra7
30.Rxb4 Rb7 31.Rb3 Na7 32.Ba4 Rxb3 33.Bxb3 Nc6 34.Re1 Ra8 35.Re3 Ra3 36.Rc3 Nd4
37.Rc8+ Bg8 38.Bd1 Ra1 39.Be2 Ra5 40.Bd3 Rxe5 41.h5  1/2-1/2

[Event "chess.com Speed 1m+1spm 2018"]
[Site "chess.com INT"]
[Date "2018.10.11"]
[Round "2.31"]
[White "Nakamura,Hi"]
[Black "Vachier Lagrave,M"]
[Result "1-0"]
[WhiteElo "2777"]
[BlackElo "2779"]

1.d4 Nf6 2.c4 b6 3.f3 d6 4.e4 e5 5.d5 a5 6.Nc3 Na6 7.Be3 Be7 8.Nge2 O-O 9.g4 Nd7
10.Qd2 Ndc5 11.Ng3 g6 12.Bh6 Re8 13.O-O-O Bd7 14.Kb1 Nb4 15.Be2 c6 16.h4 cxd5
17.cxd5 Rc8 18.Rdg1 Na4 19.Nf5 Qc7 20.Nxe7+ Rxe7 21.Rc1 Nc5 22.Bg5 Ree8 23.Bf6  1-0